01208nam a22003014c 4500003000900000008004100009020001800050040002500068041001800093080001100111100002200122245002400144264003100168300004100199336002700240337003300267338002800300490004200328500003500370520025400405521001300659650003700672650001500709700003900724942001400763999001300777952011600790AR-BaSMT240627t2022 enka|||ar|||| 000 1 ing d a9781474964456 aBSGBbespañolerda0 ainghInglés a82-34 1 aCowan, Laura948310aSpider's Tug of War aLondres : bUsborne,c2022 a24 páginas ; bilustraciones color 2rdacontentatextobtxt 2rdamediaasin mediaciónbn 2rdacarrieravolumenbnc aUsborne English Readers Starter Level aWith activities and free audio aAnansi is king of the spiders: he may be small, but he's very clever. One day, offended that Elephant hardly even notices him, he challenges her to a tug of war. How can a tiny spider win against the mighty Elephant, or against the determined Rhino? aPrimaria 798aLITERATURA INFANTILvInglés 7923aCUENTO1 aFumagalli, SimoneeIlustrador9492 2ddcaBOOK c656d656 00102ddc40aBSGBbBSGBcInglés - AzuleCompra feria del libro 2026i000918l0o82-34 COWp000918t1yBOOKf